000 00755nam a2200241Ia 4500
008 160803s9999 xx 000 0 und d
020 _a978-0439204231
100 _aStamper, Judith Bauer
245 _aDinosaur detectives /
245 _cwritten by Judith Bauer Stamper ; illustrations by Ted Enik.
260 _aNew York :
260 _bScholastic Inc.
260 _c2001
300 _a84 pages :
300 _billustrations ;
300 _c20 cm.
440 _aThe Magic school bus : a science chapter book ;
440 _v#9
500 _a"Based on The Magic School Bus books written by Joanna Cole and illustrated by Bruce Degen."--Title page verso.
650 _aDinosaurs --
650 _xJuvenile fiction.
700 _a510
999 _c298544
_d298544